| 000 | 00954cab a2200277 4500 | ||
|---|---|---|---|
| 001 | WB3113-25 | ||
| 008 | 090401t1995 xxu||||| |||| 00| 0 eng d | ||
| 035 | _a(Sirsi) u41113 | ||
| 041 | _aeng | ||
| 245 | _aRenting wall space | ||
| 260 | _c1995 | ||
| 350 | _a0 | ||
| 490 |
_aSunday Times _v26 March 1995, 4:7(1) |
||
| 520 | _aExamines the possibilities for homeowners to rent an end or side wall of their property for advertising space. Highlights difficulties such as defects being concealed by bill hoardings and the lack of control over advertisements for owners purchasing a property with a poster site on a long lease. | ||
| 650 | _aADVERTISING HOARDINGS | ||
| 650 | _aADVERTISING SITES | ||
| 650 | _aBILL HOARDINGS | ||
| 650 | _aBILLBOARDS | ||
| 650 | _aHOMEOWNERS | ||
| 650 | _aPLANNING PERMISSION | ||
| 650 | _aPOSTER SITES | ||
| 690 | _aHOUSING | ||
| 690 | _aPLANNING LAW AND PRACTICE | ||
| 942 | _n0 | ||
| 948 | _c04/03/1997 | ||
| 999 |
_c26398 _d26398 |
||